Southville International School and Colleges
Your cart is empty.
  • Cart
  • Lists
    Public lists Eva Luna New books Lux_list list_1
    Your lists Log in to create your own lists
  • Log in to your account
  • Your cookies
  • Search history
Southville International School and Colleges
  • Advanced search
  • Recent comments
  • Most popular
  • Libraries

Log in to your account

Log in with GOOGLE


If you do not have an external account, but do have a local account, you can still log in:

  1. Home
  2. MARC view: Working in hotels and catering /
Normal view MARC view ISBD view

Working in hotels and catering / (Record no. 357787)

[ view plain ]
MARC details
000 -LEADER
fixed length control field 00640nam a2200229Ia 4500
008 - FIXED-LENGTH DATA ELEMENTS--GENERAL INFORMATION
fixed length control field 180523s9999 xx 000 0 und d
020 ## - INTERNATIONAL STANDARD BOOK NUMBER
International Standard Book Number 1-86152-185-5
050 ## - LIBRARY OF CONGRESS CALL NUMBER
Classification number MAIN TX 911.3
050 ## - LIBRARY OF CONGRESS CALL NUMBER
Item number .M27W66 1997 c.2
100 ## - MAIN ENTRY--PERSONAL NAME
Personal name Wood, Roy C.
245 #0 - TITLE STATEMENT
Title Working in hotels and catering /
245 #0 - TITLE STATEMENT
Statement of responsibility, etc Roy C. Wood.
250 ## - EDITION STATEMENT
Edition statement 2nd Edition
260 ## - PUBLICATION, DISTRIBUTION, ETC. (IMPRINT)
Place of publication, distribution, etc London :
260 ## - PUBLICATION, DISTRIBUTION, ETC. (IMPRINT)
Name of publisher, distributor, etc International Thomson Business Press,
260 ## - PUBLICATION, DISTRIBUTION, ETC. (IMPRINT)
Date of publication, distribution, etc 1997
300 ## - PHYSICAL DESCRIPTION
Extent 236 pages :
300 ## - PHYSICAL DESCRIPTION
Dimensions 22 cm.
500 ## - GENERAL NOTE
General note Includes bibliographical references and index.
650 ## - SUBJECT ADDED ENTRY--TOPICAL TERM
Topical term or geographic name as entry element Hotel management.
650 ## - SUBJECT ADDED ENTRY--TOPICAL TERM
General subdivision Caterers and catering -- Management.
Holdings
Withdrawn status Lost status Damaged status Home library Current library Shelving location Date acquired Cost, normal purchase price Total Checkouts Full call number Barcode Date last seen Price effective from Koha item type
      South Mansfield College South Mansfield College   01/11/2008 200.00   MAIN TX 911.3 .M27W66 1997 c.2 SMC04823 05/23/2018 05/23/2018  

Working in hotels and catering /

APA

Wood R. C., .Working in hotels and catering. London: .

Chicago

Wood Roy C, .Working in hotels and catering. London: .

Harvard

Wood R. C., .Working in hotels and catering. London: .

MLA

Wood Roy C, .London: . .

  • Place hold
  • Print
  • Cite
  • Add to your cart (remove)
  • Save record
    BIBTEX Dublin Core MARCXML MARC (non-Unicode/MARC-8) MARC (Unicode/UTF-8) MARC (Unicode/UTF-8, Standard) MODS (XML) RIS
  • More searches
    Search for this title in:
    Other Libraries (WorldCat) Other Databases (Google Scholar) Online Stores (Bookfinder.com) Open Library (openlibrary.org)

Exporting to Dublin Core...

SOUTHVILLE LIBRARY

Southville International School and Colleges Library

1281 Tropical Ave. Cor. Luxembourg St., BF Homes International, Las Pinas City

Tel. No. 8256374 / 252358 Loc. 117/146

Powered by Koha